Présidents des Etats-Unis - Statistiques

Statistiques générales
  • Ce quiz a été pris 29 fois
    11 depuis la dernière actualisation
  • Le résultat moyen est 20 sur 47
Statistiques - réponses
Mandat Président Parti % Correct
2009 - 2017 Barack Obama Démocrate
88%
2017 - 2021 Donald John Trump Républicain
88%
2025 - présent Donald John Trump Républicain
88%
1789 - 1797 George Washington Indépendant
88%
2021 - 2025 Joseph Robinette Biden Démocrate
88%
1993 - 2001 Bill Clinton Démocrate
75%
1989 - 1993 George Herbert Walker Bush Républicain
75%
2001 - 2009 George Walker Bush Républicain
75%
1961 - 1963 John Fitzgerald Kennedy Démocrate
75%
1861 - 1865 Abraham Lincoln Républicain
63%
1974 - 1977 Gerald Ford Républicain
63%
1969 - 1974 Richard Nixon Républicain
63%
1953 - 1961 Dwight David Eisenhower Républicain
50%
1933 - 1945 Franklin Delano Roosevelt Démocrate
50%
1945 - 1953 Harry S. Truman Démocrate
50%
1981 - 1989 Ronald Reagan Républicain
50%
1901 - 1909 Theodore Roosevelt Républicain
50%
1913 - 1921 Woodrow Wilson Démocrate
50%
1923 - 1929 Calvin Coolidge Républicain
38%
1929 - 1933 Herbert Hoover Républicain
38%
1977 - 1981 James Earl Carter Démocrate
38%
1963 - 1969 Lyndon Baines Johnson Démocrate
38%
1921 - 1923 William Gamaliel Harding Républicain
38%
1909 - 1913 William Howard Taft Républicain
38%
1829 - 1837 Andrew Jackson Démocrate
25%
1865 - 1869 Andrew Johnson Démocrate
25%
1889 - 1893 Benjamin Harrison Républicain
25%
1881 - 1885 Chester Alan Arthur Républicain
25%
1853 - 1857 Franklin Pierce Démocrate
25%
1885 - 1889 Grover Cleveland Démocrate
25%
1893 - 1897 Grover Cleveland Démocrate
25%
1881 James Abram Garfield Républicain
25%
1857 - 1861 James Buchanan Démocrate
25%
1845 - 1849 James Knox Polk Démocrate
25%
1809 -1817 James Madison Républicain-Démocrate
25%
1817 - 1825 James Monroe Républicain-Démocrate
25%
1797 - 1801 John Adams Fédéraliste
25%
1825 - 1829 John Quincy Adams National-Républicain
25%
1841 - 1845 John Tyler Indépendant
25%
1837 - 1841 Martin van Buren Démocrate
25%
1850 - 1853 Millard Fillmore Whig
25%
1877 - 1881 Rutherford Birchard Hayes Républicain
25%
1801 - 1809 Thomas Jefferson Républicain-Démocrate
25%
1869 - 1877 Ulysse S. Grant Républicain
25%
1841 William Henry Harrison Whig
25%
1897 - 1901 William McKinley Républicain
25%
1849 - 1850 Zachary Taylor Whig
25%
Aucun quiz correspondant
Distribution des résultats
% des personnes avec chaque résultat
Percentile par nombre de réponses
Votre historique - résultats
Vous n’avez pas pris ce quiz depuis la dernière actualisation